<?xml version="1.0" encoding="UTF-8"?>
<collection xmlns="http://www.loc.gov/MARC21/slim">
  <record>
    <leader>00000nam  2200000   4500</leader>
    <controlfield tag="001">INLIS000000000003197</controlfield>
    <controlfield tag="005">20190715094618</controlfield>
    <datafield tag="035" ind1="#" ind2="#">
      <subfield code="a">0010-0718003197</subfield>
    </datafield>
    <controlfield tag="008">190715################g##########0#ind##</controlfield>
    <datafield tag="020" ind1="#" ind2="#">
      <subfield code="a">9798046536</subfield>
    </datafield>
    <datafield tag="041" ind1=" " ind2=" ">
      <subfield code="a">id</subfield>
    </datafield>
    <datafield tag="082" ind1="#" ind2="#">
      <subfield code="a">158.2</subfield>
    </datafield>
    <datafield tag="090" ind1=" " ind2=" ">
      <subfield code="a">158.2 GIB e</subfield>
    </datafield>
    <datafield tag="100" ind1=" " ind2="#">
      <subfield code="a">Giblin, Les</subfield>
    </datafield>
    <datafield tag="245" ind1="1" ind2="#">
      <subfield code="a">Cara Memiliki Keyakinan dan Kekuasaan dalam Berurusan dengan Orang Lain /</subfield>
      <subfield code="c">Les Giblin</subfield>
    </datafield>
    <datafield tag="250" ind1="#" ind2="#">
      <subfield code="a">Ed. 1</subfield>
    </datafield>
    <datafield tag="260" ind1="#" ind2="#">
      <subfield code="a">Jakarta :</subfield>
      <subfield code="b">Penerbit Mitra Utama,</subfield>
      <subfield code="c">1994</subfield>
    </datafield>
    <datafield tag="300" ind1="#" ind2="#">
      <subfield code="a">xxiv; 226 hlm. ;</subfield>
      <subfield code="c">20 cm</subfield>
    </datafield>
    <datafield tag="650" ind1=" " ind2="#">
      <subfield code="a">Keyakinan -- Kekuasaan</subfield>
    </datafield>
    <datafield tag="084" ind1="#" ind2="#">
      <subfield code="a">158.2 Gib c</subfield>
    </datafield>
    <datafield tag="505" ind1="#" ind2="#">
      <subfield code="a">Les Giblen menerangkan prinsip-prinsip dasar yang ada dibelakang tingkah laku manusia, agar kita bisa memanfaatkannya (bukan melawannya); demi mencapai apa yang kita inginkan, baik itu kenaikan gaji, pesanan dari seseorang prospek ataupun itikad baik dari tetangga. Teknik dan metode yang disajikan kepada kita diperolehnya berdasarkan pengalamannya selama bertahun-tahun menjalankan klinik hubungan antar manusia. Les Giblen memberikan segala yang kita perlukan untuk memperkuat hubungan antar manusia, segingga bisa mendatangkan keberhasilan dan kebahagiaan dalam kehidupan pribadi, kehidupan sosial dan kehidupan bisnis kita. Les Giblin, salah seorang pemenang National Salesmen Award, telah menyelenggarakan lebih dari seribu seminar mengenai keterampilan hubungan antar manusia. Program-program audio visualnya, yang didasarkan pada seminar tersebut telah membantu jutaan orang.</subfield>
    </datafield>
    <datafield tag="856" ind1="#" ind2="#">
      <subfield code="a">Perpustakaan Lembaga Administrasi Negara</subfield>
    </datafield>
    <datafield tag="990" ind1="#" ind2="#">
      <subfield code="a">96100720</subfield>
    </datafield>
    <datafield tag="990" ind1="#" ind2="#">
      <subfield code="a">96100722</subfield>
    </datafield>
    <datafield tag="990" ind1="#" ind2="#">
      <subfield code="a">96100722</subfield>
    </datafield>
    <datafield tag="990" ind1="#" ind2="#">
      <subfield code="a">96100720</subfield>
    </datafield>
    <datafield tag="990" ind1="#" ind2="#">
      <subfield code="a">96100720</subfield>
    </datafield>
    <datafield tag="990" ind1="#" ind2="#">
      <subfield code="a">96100722</subfield>
    </datafield>
  </record>
</collection>
